00249nam a2200121Ia 45000030006000000080041000060400015000471000010000622450017000722600009000895460012000980050017001100STCL150530s9999 xx 000 0 und d aSTCLcSTCL aBates aPurple plain c1948 aEnglish20220125171050.0